000 00627cam a2200157 4500
008 110418n 000 0 eng u
035 _a(Sirsi) a173001
050 _a UN JV 8790 INT 1996
245 _aInternational migration in and from Africa :
_bdimensions, challenges, and prospects /
_c edited by Aderanti Adepoju and Tomas Hammar.
260 _aDakar, Senegal :
_bPopulation, Human resources and Development in Africa (PHRDA),
_c 1996.
300 _a198 p.
504 _aIncludes bibliographical references.
650 _aAfrica --Emigration and immigration.
700 _aAdepoju, Aderanti.
700 _aHammar, Tomas
999 _c117114
_d117114